Statistics for Fairy Tail Intermediate Quiz

Click here to take the quiz!

General Stats

  • This quiz has been taken 818 times
  • The average score is 22 of 30

Answer Stats

Answer% Correct
Fire Dragon SlayerNatsu Dragneel
100%
Titania, the KnightErza Scarlet
99%
Ice-Make MageGray Fullbuster
99%
Celestial Spirit SummonerLucy Heartfilia
99%
Iron Dragon SlayerGajeel Redfox
98%
Sky Dragon SlayerWendy Marvell
98%
Former Element 4 Water MageJuvia Lockser
94%
Upbeat Blue ExceedHappy
93%
Card Magic UserCana Alberona
92%
Lightning Dragon SlayerLaxus Dreyar
92%
Current Guild Master of Fairy TailMakarov Dreyar
92%
Satan Soul MageMirajane Strauss
90%
Beast Arm UserElfman Strauss
89%
Strong Black ExceedPantherlily
89%
White Dragon SlayerSting Eucliffe
84%
Animal Soul UserLisanna Strauss
80%
Shadow Dragon SlayerRogue Cheney
80%
Princess of ExtaliaCarla
77%
Crash Magic UserGildarts Clive
74%
Sandstorm MageMax Alors
58%
Mother of Celestial Spirit MageLayla Heartfilia
57%
Metal DragonMetalicana
53%
Telepath of Fairy TailWarren Rocko
53%
Guild Master before MakarovPrecht Gaelborg
44%
Fairy Tail's Greatest SecretLumen Histoire
39%
Black LighningOrga Nanagear
32%
Element 4 EarthMonsieur Sol
31%
Element 4 HeavenAria
30%
Element 4 FireTotomaru
26%
Minstrel Who Sings to the Red MoonRufus Lore
19%

Score Distribution

Percentile by Number Answered

Percent of People with Each Score

Your Score History

You have not taken this quiz